Which country has the most satisfied FEMALE workers? - Statistics

General Stats
  • This quiz has been taken 22 times
  • The average score is 7 of 10
Answer Stats
Hint Answer % Correct
2. Norway
100%
5. Sweden
100%
1. Denmark
79%
8. Netherlands
79%
10. Switzerland
79%
7. Austria
74%
6. Belgium
68%
9. Mexico
32%
3. Costa Rica
21%
4. Hungary
21%
No matching quizzes found
Score Distribution
Percent of People with Each Score
Percentile by Number Answered
Your Score History
You have not taken this quiz